1670 1565 1547 1938 1859 1341 1940 1293 1050 1630 1312 1505 1162 1678 1792 1807 1791 1786 1432 1838 1468 1186 1373 1855 1776 1374 1130 1167 2000 1762 1572 1253 1940 1700 1762 1663 1717 1638 1329 1513 1978 1193 1766 1401 1206 1556 1732 1140 1849 1043 1378 1842 1555 1184 1972 1991 1583 1056 1545 1113 1621 1528 1479 1023 1508 1940 1773 1981 1260 1213 1861 1180 1387 1793 1695 1683 1576 1667 1879 1384 1758 1272 1104 1859 1417 1596 1276 1723 1012 1596 1422 1022 1489 1053 1379 1755 1760 1667 1280 BCNSPRNW ULIB Ver.6.0+V

เปลี่ยนเป็นภาษาไทย

Change to English
 แสดงรายละเอียดบรรณานุกรม
  กลับหน้าหลัก

Brief Record : Get Marc (ISO 2709) : E-mail record : QR code < ปิดหน้าต่าง
LEADER : 00000nam 2200000uu 4500
001    13399122929
003     ULIB
008    131104s2548||||th 000 0 tha d
099    ^aวจ.WY18.8^bพ488ก
100 0  ^aพอเพ็ญ ไกรนรา
245 00 ^aการพัฒนาทักษะการเรียนรู้สำหรับนักศึกษาพยาบาลวิทยาลัยพยาบาลสังกัดสถาบันพระบรมราชชนก กระทรวงสาธารณสุข/^cพอเพ็ญ ไกรนรา และคณะ
260    ^aตรัง :^bวิทยาลัยพยาบาลบรมราชชนนี ตรัง,^c2548
300    ^a103 หน้า :^bตาราง
500    ^aรายงานการวิจัย
650  7 ^aทักษะการเรียนรู้^xนักศึกษาพยาบาล^xวิจัย
710 1  ^aวิทยาลัยพยาบาลบรมราชชนนี ตรัง
945    ^p0^l0^i20241
995    ^aทศพร
999    ^aกัณชพร
รายการนี้ยังไม่มีแท็ก
คุณยังไม่ได้ล็อกอิน คุณสามารถมีกิจกรรมร่วมกับเว็บไซต์ได้ แต่ต้องล็อกอินก่อน ::
  ล็อกอิน

รายการสื่อสารสนเทศ

ลำดับที่ ประเภท เลขเรียก/บาร์โค้ด สถานที่ สถานะ
1. งานวิจัย
งานวิจัย
วจ.WY18.8 พ488ก ฉ.1 
  Barcode: 20241
ห้องสมุดวิทยาเขตนครสวรรค์
►วิจัย:l:Research Room
บนชั้น

BibComment


ยังไม่เคยถูกคอมเมนท์

คอมเมนท์ทรัพยากรรายการนี้
  คอมเมนท์: การพัฒนาทักษะการ..


 Copyright 2026. Bcnsprnw @Library